Astronomie populaire (Record no. 6320)

MARC details
000 -CABECERA
campo de control de longitud fija 00531nam a2200205 a 4500
001 - NÚMERO DE CONTROL
campo de control BRCA_6636
005 - FECHA Y HORA DE LA ÚLTIMA TRANSACCIÓN
campo de control 20190320205533.0
008 - DATOS DE LONGITUD FIJA--INFORMACIÓN GENERAL
campo de control de longitud fija 101011s1900----fr-a######---#000-0#fre-#
041 ## - CÓDIGO DE LENGUA
Código de lengua del texto/banda sonora o título independiente fre
044 ## - CÓDIGO DEL PAÍS DE LA ENTIDAD EDITORA/PRODUCTORA
Código MARC del país fr
050 #4 - SIGNATURA TOPOGRÁFICA DE LA BIBLIOTECA DEL CONGRESO
Número de clasificación QB44
Número de documento/Ítem .F53 1900
100 1# - ENTRADA PRINCIPAL--NOMBRE DE PERSONA
Nombre de persona Flammarion, Camille
Fechas asociadas al nombre 1842-1925
9 (RLIN) 16288
245 10 - MENCIÓN DE TÍTULO
Título Astronomie populaire
Mención de responsabilidad, etc. Camille Flammarion.
260 ## - PUBLICACIÓN, DISTRIBUCIÓN, ETC.
Lugar de publicación, distribución, etc. París
Nombre del editor, distribuidor, etc. E. Flammarion
Fecha de publicación, distribución, etc. [1900]
300 ## - DESCRIPCIÓN FÍSICA
Extensión 103-266 p. (v. 2)
Otras características físicas il.
Dimensiones 28 cm.
500 ## - NOTA GENERAL
Nota general L131
650 14 - PUNTO DE ACCESO ADICIONAL DE MATERIA--TÉRMINO DE MATERIA
Término de materia o nombre geográfico como elemento de entrada Astronomía
9 (RLIN) 7908
902 ## - CATALOGADOR
Iniciales GFM
942 ## - ELEMENTOS DE PUNTO DE ACCESO ADICIONAL (KOHA)
Fuente del sistema de clasificación o colocación Library of Congress Classification
Tipo de ítem Koha Libros
Holdings
Estado de retiro Estado de pérdida Estado dañado No para préstamo Localización permanente Ubicación/localización actual Fecha de adquisición Número de inventario Total de préstamos Signatura topográfica completa Código de barras Fecha visto por última vez Precio válido a partir de Tipo de ítem Koha
El ejemplar forma parte de la colección y puede ser consultado según las políticas vigentes.       Biblioteca del Museo Franz Mayer (Rogerio Casas-Alatriste) Biblioteca del Museo Franz Mayer (Rogerio Casas-Alatriste) 10/10/2011 L131   QB44 .F53 1900 (L131) 7084 22/03/2019 22/03/2019 Libros